=LDR 00000nam 2200000 4500 =001 INLIS000000000007329 =005 20130612095340 =008 ***********************************Ind** =035 ##$$0010-061300000007329 =041 ##$$a Ind =082 ##$$a 297.67 =090 ##$$a 297.67, Gee i =100 ##$$a Geertz, Clifford =245 ##$$a Islam yang saya amati perkembangan di Maroko dan Indonesia, Clifford Geerta; penerjemah, Hasan Basari =260 ##$$a 1982 $b Jakarta =300 ##$$a 148 hlm., 21 cm =650 ##$$a Islam-Perkembangan =700 ##$$a Basari, Hasan